Islam in Brazil (Record no. 16078)

000 -LEADER
fixed length control field 00331nam a22001337a 4500
005 - DATE AND TIME OF LATEST TRANSACTION
control field 20170105102932.0
040 ## - CATALOGING SOURCE
Original cataloging agency 1
082 ## - DEWEY DECIMAL CLASSIFICATION NUMBER
Classification number 686.2325
Author Mark ISL 2013
245 ## - TITLE STATEMENT
Title Islam in Brazil
260 ## - PUBLICATION, DISTRIBUTION, ETC.
Place of publication, distribution, etc. Islamabad
Name of publisher, distributor, etc. National University of Science and Technology
Date of publication, distribution, etc. 2013
300 ## - PHYSICAL DESCRIPTION
Extent 35 p
Other physical details 28 cm
650 ## - SUBJECT ADDED ENTRY--TOPICAL TERM
Source of heading or term Photo exhibition
942 ## - ADDED ENTRY ELEMENTS (KOHA)
Source of classification or shelving scheme
Koha item type Book
Holdings
Withdrawn status Lost status Damaged status Not for loan Collection code Permanent Location Current Location Shelving location Date acquired Total Checkouts Full call number Barcode Date last seen Price effective from Koha item type
          Centre for International Peace & Stability (CIPS) Centre for International Peace & Stability (CIPS) General Stacks 04/22/2014   686.2325 ISL 2013 CIPSD0000138 07/18/2014 01/05/2017 Book
© 2023 Central Library, National University of Sciences and Technology. All Rights Reserved.